000 00711nam a2200265Ia 4500
005 20260121172814.0
008 008 260114s9999 xx 000 0 eng d
020 _a9783030891701
037 _aEBOOK
040 _aCRL
040 _beng
040 _cCRL
041 _2eng
041 _aeng
084 _qCRL
100 _aCornel Klein, Markus Helfert, Karsten Berns, Oleg Gusikhin
_91092951
245 0 _aSmart Cities, Green Technologies, and Intelligent Transport Systems
260 _bSpringer
260 _bSpringer
260 _c2021
856 _uhttps://link.springer.com/openurl?genre=book&isbn=978-3-030-89170-1
942 _cEBOOK
999 _c1658692
_d1658692